000 00525cam a2200181 4500500
005 20260405003500.0
041 _afre
042 _adc
100 1 0 _aGoron, Gaëtan
_eauthor
245 0 0 _aPhilocroisés #78
260 _c2022.
500 _a25
690 _aGaëtan Goron
690 _aJeu
690 _aMots croisés
786 0 _nPhilosophie magazine | 157 | 3 | 2022-03-01 | p. 74-74 | 1951-1787
856 4 1 _uhttps://shs.cairn.info/magazine-philosophie-magazine-2022-3-page-74?lang=fr&redirect-ssocas=7080
999 _c2067979
_d2067979